| 000 | 00476nam a22001217a 4500 | ||
|---|---|---|---|
| 082 | _a220 PRO | ||
| 100 |
_aAROOJ ASIF MUHAMMAD DANISH MASOOD FAKHAR ZAMAN RANA M.SOHAIB KHALID _971201 |
||
| 245 | _aPR-SOF-1432-BRAIN COMPUTER INTERFACING AND CONTROLLINGWHEEL CHAIR USING ELECTROENCEPHALOGRAPHY (EEG) SIGNALS | ||
| 260 |
_aISLAMABAD _bNUST COLLEGE OF EME _c2015 |
||
| 650 |
_aDE-ELECT-33 _971202 |
||
| 700 |
_aLec. KAMRAN AZIZ BHATTI DR. SHAHZAD AMIN SHEIKH _971203 |
||
| 942 | _cCR | ||
| 999 |
_c577851 _d577851 |
||